Perspektívy a limity európskej strategickej autonómie diplomová práca
Enregistré dans:
| Auteur principal: | |
|---|---|
| Collectivité auteur: | |
| Autres auteurs: | |
| Format: | Livre |
| Langue: | slovaque |
| Publié: |
Bratislava
2025
|
| Tags: |
Pas de tags, Soyez le premier à ajouter un tag!
|
MARC
| LEADER | 00000nbm a2200000 4500 | ||
|---|---|---|---|
| 001 | 0309520 | ||
| 005 | 20260123112817.5 | ||
| 041 | 0 | |a slo | |
| 044 | |a SK | ||
| 245 | 1 | 0 | |a Perspektívy a limity európskej strategickej autonómie |b diplomová práca |c Boris Rešovský ; školiteľ: Michael Augustín |
| 264 | 1 | |a Bratislava |c 2025 | |
| 300 | |a 81 s. | ||
| 100 | 1 | |a Rešovský, Boris | |
| 700 | 1 | |a Augustín, Michael, 1991- | |
| 710 | 2 | |a Fakulta medzinárodných vzťahov EU. Katedra medzinárodných politických vzťahov | |